000 00787nam a2200217 a 4500
001 44781
003 BD-RjUL
005 20211209053921.0
008 160720s1964 bg ||||| |||| 00| 0 ben d
035 _a(BD-RjUL)44899
040 _aBD-RjUL
_bben
_cBD-RjUL
_dBD-RjUL
041 _aben
082 _223
_a891.443
_bSAK 1964
100 _aসান্যাল, প্রবোধ কুমার
_9135540
245 1 0 _aকাঁচ-কাটা হীরে /
_cপ্রবোধ কুমার সান্যাল,
260 _aঢাকা :
_bমেঘ্না পাবলিকাশন,
_c১৯৬৪
300 _a১১৬ পৃ. ;
_c২৩ সেমি.
650 _aবাংলা উপন্যাস
_9137279
650 _aBengali Fiction
_9137280
942 _2ddc
_cBK
999 _c44781
_d44781